=LDR 00000nam 2200000 4500 =001 INLIS000000000035994 =005 20130612141815 =008 ***********************************Ind** =035 ##$$0010-061300000035994 =041 ##$$a Ind =082 ##$$a 507 =090 ##$$a 507 =100 ##$$a Moorman Thomas =245 ##$$a Bagaimana membuat proyek Ilmu pengetahuanmu menjadi ilmiah =260 ##$$a 2003 $b Bandung =300 ##$$a viii 97 Hlm, 23 cm =850 ##$$a NBPNMAT